Statistics for The Lost World : Jurassic Park Dinosaurs

Click here to take the quiz!

General Stats

  • This quiz has been taken 26 times
  • The average score is 8 of 10

Answer Stats

HintAnswer% Correct
Don't go into the long grass!!!Velociraptor
100%
Mommy's very angry.Tyrannosaurus rex
93%
Look at that cute little baby!!!Stegosaurus
87%
Let's go get him, boys!!! Pack power!!!!!!!!Compsognathus
80%
Friar TuckPachycephalosaurus
80%
Imma wreck the camp.Triceratops
73%
The long-neck dinosaur that appeared for only a second or twoMamenchisaurus
67%
ElvisParasaurolophus
67%
Cameo in this one, major in the next onePteranodon
67%
Run, run, as fast as you can.Gallimimus
47%

Score Distribution

Percentile by Number Answered

Percent of People with Each Score

Your Score History

You have not taken this quiz